Cancer: (Record no. 188620)
[ view plain ]
| 000 -LEADER | |
|---|---|
| fixed length control field | 00568nam a22001817a 4500 |
| 005 - DATE AND TIME OF LATEST TRANSACTION | |
| control field | 20220530112000.0 |
| 010 ## - LCCN (DPL NO) | |
| LC control number | ENG-132871 |
| 020 ## - INTERNATIONAL STANDARD BOOK NUMBER | |
| International Standard Book Number | 9788123780948 |
| Terms of availability | 210.00 |
| 035 ## - SYSTEM CONTROL NUMBER | |
| System control number | EN-116403 |
| 037 ## - SOURCE OF ACQUISITION | |
| Source of stock number/acquisition | DBAD/PUB |
| 082 ## - DEWEY DECIMAL CLASSIFICATION NUMBER | |
| Classification number | 616.994 |
| 100 ## - MAIN ENTRY--PERSONAL NAME | |
| Personal name | Bose, S M |
| 245 ## - TITLE STATEMENT | |
| Title | Cancer: |
| Remainder of title | Health Education Book/ |
| Statement of responsibility, etc | S M Bose |
| 260 ## - PUBLICATION, DISTRIBUTION, ETC. (IMPRINT) | |
| Place of publication, distribution, etc | New Delhi |
| Name of publisher, distributor, etc | National Book Trust India |
| Date of publication, distribution, etc | 2011 |
| 270 ## - ADDRESS | |
| Address | Nehru Bhawan, 5 institutional Area, Phase-II, Vasant Kunja |
| City | New Delhi |
| Postal code | 110070 |
| 300 ## - PHYSICAL DESCRIPTION | |
| Extent | xi,121p. |
| Other physical details | Glossary |
| Dimensions | 22cm(pbk) |
| 942 ## - ADDED ENTRY ELEMENTS (KOHA) | |
| Source of classification or shelving scheme | Dewey Decimal Classification |
| Item type | English Books |
| Classification part | 616.994 |
| Call number suffix | BOS |
| Withdrawn status | Lost status | Not for loan | Collection code | Home library | Current library | Date acquired | Source of acquisition | Cost, normal purchase price | Full call number | Barcode | Copy number | Cost, replacement price | Koha item type |
|---|---|---|---|---|---|---|---|---|---|---|---|---|---|
| Non-fiction | Patel Nagar | Patel Nagar | 30/05/2022 | DBAD/PUB | 210.00 | 616.994 BOS | EN-116403 | 1 | 210.00 | English Books |
